[Event "Nord West Cup 3rd"]
[Site "Oldenburg"]
[Date "2001.02.04"]
[Round "6"]
[White "Hoelscher, Josef"]
[Black "Hubbermann, Guenter"]
[Result "1-0"]
[WhiteElo "1303"]
[BlackElo "1042"]
[PlyCount "77"]
[EventDate "2001.02.01"]
[EventType "swiss"]
[EventRounds "7"]
[EventCountry "GER"]
[SourceTitle "EXT 2010"]
[Source "ChessBase"]
[SourceDate "2010.11.25"]
[SourceVersion "1"]
[SourceVersionDate "2010.11.25"]
[SourceQuality "1"]

1. e4 e5 2. Nf3 Nc6 3. Bc4 Bc5 4. c3 Nf6 5. d4 exd4 6. cxd4 Bb4+ 7. Bd2 Nxe4 8. Bxb4 Nxb4 9. Bxf7+ Kxf7 10. Qb3+ d5 11. Qxb4 Qd6 12. Qxd6 cxd6 13. 0-0 Re8 14. h3 Bf5 15. Nc3 Be6 16. Rfe1 Rac8 17. Rac1 a6 18. Nh2 b5 19. f3 Bf5 20. fxe4 dxe4 21. Kf2 b4 22. Nd5 Rxc1 23. Rxc1 Bd7 24. Ne3 Rc8 25. Rxc8 Bxc8 26. a3 a5 27. axb4 axb4 28. g4 Bb7 29. Kg3 d5 30. h4 Bc8 31. Kf4 Ke6 32. Nhf1 g6 33. g5 h5 34. gxh6 Kf7 35. Kg5 Be6 36. Nh2 b3 37. Nhg4 Bxg4 38. Nxg4 e3 39. Nxe3 1-0

[Event "Nord West Cup 3rd"]
[Site "Oldenburg"]
[Date "2001.02.03"]
[Round "4"]
[White "Hoelscher, Josef"]
[Black "Schuenemann, Wilfried"]
[Result "0-1"]
[WhiteElo "1303"]
[BlackElo "1729"]
[PlyCount "52"]
[EventDate "2001.02.01"]
[EventType "swiss"]
[EventRounds "7"]
[EventCountry "GER"]
[SourceTitle "EXT 2010"]
[Source "ChessBase"]
[SourceDate "2010.11.25"]
[SourceVersion "1"]
[SourceVersionDate "2010.11.25"]
[SourceQuality "1"]

1. e4 e6 2. d4 a6 3. c3 b5 4. a3 Bb7 5. Nd2 Nf6 6. Bd3 c5 7. Ne2 Nc6 8. 0-0 Qb6 9. dxc5 Bxc5 10. Ng3 Ne5 11. Be2 h5 12. Bf3 Nfg4 13. Qe2 Qc7 14. Nb3 Bd6 15. Bf4 Nxh2 16. Rfd1 Nexf3+ 17. gxf3 Bxf4 18. Kxh2 h4 19. Rh1 hxg3+ 20. Kg2 Ke7 21. Rxh8 Rxh8 22. Rh1 Rh2+ 23. Rxh2 gxh2 24. Kh1 f5 25. exf5 Qc4 26. Qxc4 Bxf3# 0-1

[Event "Nord West Cup 3rd"]
[Site "Oldenburg"]
[Date "2001.02.02"]
[Round "2"]
[White "Hoelscher, Josef"]
[Black "Faustmann, Joerg"]
[Result "1-0"]
[WhiteElo "1303"]
[BlackElo "1706"]
[PlyCount "61"]
[EventDate "2001.02.01"]
[EventType "swiss"]
[EventRounds "7"]
[EventCountry "GER"]
[SourceTitle "EXT 2010"]
[Source "ChessBase"]
[SourceDate "2010.11.25"]
[SourceVersion "1"]
[SourceVersionDate "2010.11.25"]
[SourceQuality "1"]

1. e4 c5 2. Nf3 Nc6 3. d4 cxd4 4. Nxd4 g6 5. c3 Qb6 6. Nxc6 bxc6 7. Qc2 d5 8. Bd3 Bh6 9. Bxh6 Nxh6 10. h3 0-0 11. Na3 f5 12. exd5 cxd5 13. c4 Bb7 14. 0-0 Nf7 15. c5 Qc6 16. Rac1 e5 17. Bb5 Qc7 18. c6 Bc8 19. Ba4 a6 20. Rfd1 Rd8 21. Qc5 Be6 22. Bb3 Rab8 23. Rc2 Rxb3 24. axb3 d4 25. Nc4 Rb8 26. Rd3 Rb5 27. Qa3 a5 28. Rdd2 Bd5 29. f3 Nd8 30. Qd6 Qxd6 31. Nxd6 1-0

[Event "Nord West Cup"]
[Site "Oldenburg"]
[Date "2000.02.10"]
[Round "1"]
[White "Syed, Tareq"]
[Black "Hoelscher, Josef"]
[Result "1-0"]
[WhiteElo "2095"]
[BlackElo "1277"]
[PlyCount "65"]
[EventDate "2000.??.??"]
[EventType "swiss"]
[EventRounds "7"]
[EventCountry "GER"]
[SourceTitle "EXT 2002"]
[Source "ChessBase"]
[SourceDate "2001.11.25"]
[SourceVersion "1"]
[SourceVersionDate "2001.11.25"]
[SourceQuality "1"]

1. Nf3 Nf6 2. g3 e6 3. Bg2 Be7 4. 0-0 d5 5. d3 h6 6. Nbd2 0-0 7. e4 dxe4 8. dxe4 Nc6 9. e5 Nd7 10. Qe2 Rb8 11. Rd1 Qe8 12. Nf1 Bc5 13. Bf4 Qe7 14. h4 a6 15. N1h2 f5 16. h5 b5 17. Nh4 Nd4 18. Qd2 Rf7 19. c3 Bb7 20. Bxb7 Rxb7 21. cxd4 Bb4 22. Qc2 Qe8 23. Qb3 Ba5 24. d5 Nc5 25. Qc2 Bb6 26. Nf1 Ne4 27. Ne3 Nc5 28. b4 Ne4 29. dxe6 Rf8 30. Ng6 Bxe3 31. Bxe3 Ng5 32. Bxg5 hxg5 33. e7 1-0